Eléments de Mathématique: groupes et algèbres de Lie
Saved in:
| Hovedforfatter: | |
|---|---|
| Format: | Bog |
| Sprog: | fransk |
| Udgivet: |
París, Francia
Hermann
1960
|
| Serier: | Actualités Scientifiques et Industrielles.
1285 |
| Fag: | |
| Tags: |
Tilføj Tag
Ingen Tags, Vær først til at tagge denne postø!
|
MARC
| LEADER | 00000nam a2200000 a 4500 | ||
|---|---|---|---|
| 001 | UCP0573 | ||
| 003 | CL-VaPUC | ||
| 005 | 20230629104946.0 | ||
| 008 | 990313e19600000FR |||||||||||||||||fre|d | ||
| 999 | |c 279336 |d 279334 | ||
| 040 | |c Pontificia Universidad Católica de Valparaíso | ||
| 082 | 0 | 4 | |a 512.55 BOU 1960 |2 21 |
| 100 | 0 | |a Bourbaki, Nicolás |9 425923 | |
| 245 | 1 | 0 | |a Eléments de Mathématique: groupes et algèbres de Lie |
| 260 | 0 | 3 | |a París, Francia |b Hermann |c 1960 |
| 300 | |a 144 páginas | ||
| 490 | 0 | |a Actualités Scientifiques et Industrielles. |v 1285 | |
| 505 | |a Chapitre I: algèbres de Lie | ||
| 583 | |a last modification |c 19990313 00:00:00 |k Rodrigo Vera | ||
| 650 | 0 | |a Álgebra de Lie |9 271226 | |
| 650 | 0 | |a Grupos de Lie |9 271231 | |
| 942 | |c BK |2 ddc | ||
| 945 | |d 19990313 00:00:00 |a crobeson | ||
| 952 | |0 0 |1 0 |2 ddc |4 0 |6 512_550000000000000_BOU_1960 |7 0 |8 A |9 318396 |a BIBMAT |b BIBMAT |d 2019-11-20 |i 1322206 |o 512.55 BOU 1960 |p 1322206 |r 2025-01-07 |t 1 |w 2019-11-20 |y BK |k MAT | ||
| 952 | |0 0 |1 0 |2 ddc |4 0 |6 512_550000000000000_BOU_1960 |7 0 |8 A |9 318397 |a BIBMAT |b BIBMAT |d 2019-11-20 |i 1322257 |o 512.55 BOU 1960 |p 1322257 |r 2025-01-07 |t 2 |w 2019-11-20 |y BK |k MAT | ||